Elementos de Termodinamica y Transmisión de Calor

Bibliographic Details
Main Author: Obert, Edward F
Format: Section = Libro
Language:Undetermined
Spanish
Published: México Continental 1965
Subjects:
LEADER 00473nam a2200181Ia 4500
008 240830s9999 xx 000 0 und d
040 |a CEDOC FIQ-RUSB / 536.7 O12 
041 |a spa 
082 |a 536.7 O12 
100 1 |a Obert, Edward F 
245 1 0 |a Elementos de Termodinamica y Transmisión de Calor 
260 |a México  |b Continental  |c 1965 
300 |a 630 p. :il 
650 7 |a TERMODINAMICA 
650 7 |b  TRANSMISON - CALOR 
942 |c BK  |2 ddc 
991 |a TEXTO 
999 |c 14174